[Event "msr26ss"]
[Site "?"]
[Date "2026.03.26"]
[Round "5.20"]
[White "Tyssova, Veronika"]
[Black "Jenik, Samuel"]
[Result "0-1"]
[BlackElo "1000"]
[WhiteElo "1000"]
[LiveChessVersion "1.4.8"]

1. e4 {[%clk 0:10:03]} c6 {[%clk 0:10:04]} 2. d4 {[%clk 0:09:59]} d5
{[%clk 0:10:04]} 3. e5 {[%clk 0:09:59]} c5 {[%clk 0:10:05]} 4. Nf3
{[%clk 0:09:58]} Bg4 {[%clk 0:10:06]} 5. Nbd2 {[%clk 0:09:55]} Nc6
{[%clk 0:10:05]} 6. c3 {[%clk 0:09:45]} e6 {[%clk 0:10:03]} 7. b3
{[%clk 0:09:41]} a6 {[%clk 0:09:54]} 8. Ba3 {[%clk 0:09:33]} cxd4
{[%clk 0:09:36]} 9. Bxf8 {[%clk 0:09:25]} Kxf8 {[%clk 0:09:36]} 10. Qc1
{[%clk 0:09:14]} dxc3 {[%clk 0:09:17]} 11. Qxc3 {[%clk 0:09:13]} Nge7
{[%clk 0:09:10]} 12. Be2 {[%clk 0:08:50]} Rc8 {[%clk 0:08:59]} 13. O-O
{[%clk 0:08:27]} Kg8 {[%clk 0:08:48]} 14. Qe3 {[%clk 0:08:12]} Nf5
{[%clk 0:08:17]} 15. Qf4 {[%clk 0:07:58]} Bxf3 {[%clk 0:07:56]} 16. Nxf3
{[%clk 0:07:57]} h6 {[%clk 0:07:35]} 17. a4 {[%clk 0:07:51]} Qe7 {[%clk 0:07:22]}
18. Rab1 {[%clk 0:07:48]} Nb4 {[%clk 0:06:51]} 19. Qd2 {[%clk 0:07:09]} Rc2
{[%clk 0:06:30]} 20. Qe1 {[%clk 0:06:56]} Kh7 {[%clk 0:06:31]} 21. Rc1
{[%clk 0:06:50]} Rhc8 {[%clk 0:06:32]} 22. Rxc2 {[%clk 0:06:42]} Rxc2
{[%clk 0:06:32]} 23. Qd1 {[%clk 0:06:30]} Qc5 {[%clk 0:06:10]} 24. Bd3
{[%clk 0:06:03]} Nxd3 {[%clk 0:05:47]} 25. Qxd3 {[%clk 0:05:41]} Rc3
{[%clk 0:05:48]} 26. Qe2 {[%clk 0:05:34]} Rxb3 {[%clk 0:05:41]} 27. Nd2
{[%clk 0:04:34]} Rb2 {[%clk 0:05:32]} 28. Qd3 {[%clk 0:04:18]} b5
{[%clk 0:05:04]} 29. axb5 {[%clk 0:04:16]} Qxb5 {[%clk 0:05:02]} 30. Qc3
{[%clk 0:03:50]} a5 {[%clk 0:04:29]} 31. h3 {[%clk 0:03:48]} Qb4 {[%clk 0:04:04]}
32. Qc7 {[%clk 0:03:37]} Rxd2 {[%clk 0:03:57]} 33. Qxf7 {[%clk 0:03:35]} Qe7
{[%clk 0:03:57]} 34. Qh5 {[%clk 0:03:28]} a4 {[%clk 0:03:47]} 35. Qf3
{[%clk 0:03:13]} a3 {[%clk 0:03:40]} 36. Qc3 {[%clk 0:03:12]} Rb2
{[%clk 0:03:25]} 37. g4 {[%clk 0:02:55]} Qb4 {[%clk 0:02:54]} 38. Qd3
{[%clk 0:02:47]} a2 {[%clk 0:02:43]} 39. gxf5 {[%clk 0:02:47]} exf5
{[%clk 0:02:44]} 40. Qxf5+ {[%clk 0:02:46]} Kh8 {[%clk 0:02:42]} 41. Qf8+
{[%clk 0:02:38]} Qxf8 {[%clk 0:02:41]} 42. e6 {[%clk 0:02:38]} Rb1
{[%clk 0:02:40]} 0-1

[Event "msr26ss"]
[Site "?"]
[Date "2026.03.26"]
[Round "5.21"]
[White "Kudela, Oliver"]
[Black "Mrazik, Lukas"]
[Result "1-0"]
[BlackElo "1883"]
[WhiteElo "2024"]
[LiveChessVersion "1.4.8"]

1. e4 {[%clk 0:10:01]} c5 {[%clk 0:09:58]} 2. Nf3 {[%clk 0:10:01]} Nc6
{[%clk 0:09:57]} 3. b4 {[%clk 0:10:02]} e6 {[%clk 0:09:31]} 4. bxc5
{[%clk 0:10:01]} Bxc5 {[%clk 0:09:30]} 5. d4 {[%clk 0:09:59]} Bb4+
{[%clk 0:09:14]} 6. c3 {[%clk 0:09:59]} Ba5 {[%clk 0:08:57]} 7. Bd3
{[%clk 0:09:51]} Nge7 {[%clk 0:08:31]} 8. O-O {[%clk 0:09:50]} O-O
{[%clk 0:08:17]} 9. Qe2 {[%clk 0:09:42]} d6 {[%clk 0:07:21]} 10. h4
{[%clk 0:09:38]} f6 {[%clk 0:06:44]} 11. h5 {[%clk 0:09:33]} d5 {[%clk 0:06:14]}
12. h6 {[%clk 0:09:22]} g6 {[%clk 0:06:04]} 13. e5 {[%clk 0:09:20]} f5
{[%clk 0:05:34]} 14. Bg5 {[%clk 0:09:12]} Qc7 {[%clk 0:04:48]} 15. Rc1
{[%clk 0:08:43]} Bd7 {[%clk 0:04:02]} 16. Nbd2 {[%clk 0:08:39]} Rac8
{[%clk 0:03:51]} 17. Nb3 {[%clk 0:08:39]} Bb6 {[%clk 0:03:47]} 18. a4
{[%clk 0:08:34]} Qd8 {[%clk 0:03:19]} 19. a5 {[%clk 0:08:09]} Bxa5
{[%clk 0:02:54]} 20. Nxa5 {[%clk 0:08:09]} Nxa5 {[%clk 0:02:54]} 21. Rxa5
{[%clk 0:08:10]} Qxa5 {[%clk 0:02:50]} 22. Bxe7 {[%clk 0:08:09]} Rfe8
{[%clk 0:02:51]} 23. Bb4 {[%clk 0:07:50]} Qa4 {[%clk 0:02:28]} 24. Qe3
{[%clk 0:07:49]} Rxc3 {[%clk 0:01:26]} 25. Bxc3 {[%clk 0:07:43]} Rc8
{[%clk 0:01:20]} 26. Qg5 {[%clk 0:07:41]} Rxc3 {[%clk 0:00:53]} 27. Rxc3
{[%clk 0:07:33]} Qd1+ {[%clk 0:00:53]} 28. Kh2 {[%clk 0:07:34]} 1-0

[Event "msr26ss"]
[Site "?"]
[Date "2026.03.26"]
[Round "5.22"]
[White "Stelmak, Adam"]
[Black "Klimek, Martin"]
[Result "1/2-1/2"]
[BlackElo "1803"]
[WhiteElo "1862"]
[LiveChessVersion "1.4.8"]

1. Nf3 {[%clk 0:10:02]} Nf6 {[%clk 0:10:03]} 2. g3 {[%clk 0:10:03]} g6
{[%clk 0:10:04]} 3. Bg2 {[%clk 0:10:04]} Bg7 {[%clk 0:10:05]} 4. O-O
{[%clk 0:10:02]} O-O {[%clk 0:10:04]} 5. d4 {[%clk 0:10:03]} c5 {[%clk 0:09:48]}
6. c4 {[%clk 0:09:51]} cxd4 {[%clk 0:09:47]} 7. Nxd4 {[%clk 0:09:51]} Nc6
{[%clk 0:09:48]} 8. Nc3 {[%clk 0:09:46]} a6 {[%clk 0:09:28]} 9. Nc2
{[%clk 0:08:58]} d6 {[%clk 0:09:08]} 10. e4 {[%clk 0:08:53]} Be6 {[%clk 0:08:33]}
11. Ne3 {[%clk 0:08:36]} Rc8 {[%clk 0:07:54]} 12. Ncd5 {[%clk 0:07:25]} Ne5
{[%clk 0:07:03]} 13. Qb3 {[%clk 0:06:30]} Bxd5 {[%clk 0:06:31]} 14. cxd5
{[%clk 0:05:41]} Qc7 {[%clk 0:04:59]} 15. Bd2 {[%clk 0:05:32]} Ned7
{[%clk 0:04:57]} 16. Rac1 {[%clk 0:04:54]} Nc5 {[%clk 0:04:52]} 17. Qd1
{[%clk 0:04:31]} Qb8 {[%clk 0:04:52]} 18. f3 {[%clk 0:02:33]} Nfd7
{[%clk 0:04:34]} 19. Bc3 {[%clk 0:02:24]} Qa7 {[%clk 0:03:06]} 20. Bxg7
{[%clk 0:02:19]} Kxg7 {[%clk 0:03:08]} 21. Qd4+ {[%clk 0:02:19]} Kg8
{[%clk 0:03:09]} 22. b4 {[%clk 0:01:58]} b6 {[%clk 0:02:07]} 23. bxc5
{[%clk 0:01:58]} bxc5 {[%clk 0:02:08]} 24. Qd2 {[%clk 0:01:36]} Rb8
{[%clk 0:02:07]} 25. Kh1 {[%clk 0:01:33]} Rb5 {[%clk 0:02:08]} 26. Rb1
{[%clk 0:01:18]} Rfb8 {[%clk 0:02:10]} 27. Qc2 {[%clk 0:00:55]} Qb6
{[%clk 0:02:00]} 28. Rxb5 {[%clk 0:00:50]} axb5 {[%clk 0:02:01]} 29. Qb2
{[%clk 0:00:42]} Ra8 {[%clk 0:01:50]} 30. Ng4 {[%clk 0:00:43]} Nf6
{[%clk 0:01:37]} 31. Nxf6+ {[%clk 0:00:41]} exf6 {[%clk 0:01:38]} 32. Ra1
{[%clk 0:00:28]} Qa5 {[%clk 0:01:06]} 33. Bf1 {[%clk 0:00:18]} c4
{[%clk 0:01:06]} 34. h4 {[%clk 0:00:15]} Rc8 35. Qc2 {[%clk 0:00:09]} c3
{[%clk 0:00:15]} 36. Kg2 {[%clk 0:00:08]} b4 {[%clk 0:00:17]} 37. Bd3
{[%clk 0:00:06]} Qc5 {[%clk 0:00:18]} 38. Rb1 {[%clk 0:00:05]} Ra8
{[%clk 0:00:19]} 39. Qb3 {[%clk 0:00:04]} Rb8 {[%clk 0:00:19]} 40. Bc2
{[%clk 0:00:04]} Qd4 {[%clk 0:00:20]} 41. Rd1 {[%clk 0:00:04]} Qe3
{[%clk 0:00:21]} 42. Rd3 {[%clk 0:00:04]} Qe2+ {[%clk 0:00:22]} 43. Kh1
{[%clk 0:00:04]} Qf1+ {[%clk 0:00:22]} 44. Kh2 {[%clk 0:00:05]} Qf2+
{[%clk 0:00:23]} 45. Kh3 {[%clk 0:00:05]} Qf1+ {[%clk 0:00:24]} 46. Kh2
{[%clk 0:00:04]} Qf2+ {[%clk 0:00:25]} 47. Kh1 {[%clk 0:00:04]} Qf1+
{[%clk 0:00:26]} 48. Kh2 {[%clk 0:00:04]} Qf2+ {[%clk 0:00:27]} 1/2-1/2

[Event "msr26ss"]
[Site "?"]
[Date "2026.03.26"]
[Round "5.23"]
[White "Horvathova, Hana"]
[Black "Polomsky, Tomas"]
[Result "0-1"]
[BlackElo "1923"]
[WhiteElo "1870"]
[LiveChessVersion "1.4.8"]

1. e4 {[%clk 0:10:01]} c5 {[%clk 0:10:03]} 2. Nf3 {[%clk 0:10:01]} Nc6
{[%clk 0:10:04]} 3. d4 {[%clk 0:09:56]} cxd4 {[%clk 0:10:04]} 4. Nxd4
{[%clk 0:09:57]} g6 {[%clk 0:10:05]} 5. Be3 {[%clk 0:09:39]} Bg7 {[%clk 0:10:05]}
6. Be2 {[%clk 0:09:25]} Nf6 {[%clk 0:10:03]} 7. f3 {[%clk 0:09:23]} d6
{[%clk 0:09:44]} 8. O-O {[%clk 0:09:18]} O-O {[%clk 0:09:44]} 9. c3
{[%clk 0:09:17]} Bd7 {[%clk 0:09:27]} 10. Na3 {[%clk 0:08:48]} a6
{[%clk 0:09:22]} 11. Nc4 {[%clk 0:08:13]} b5 {[%clk 0:08:52]} 12. Nxc6
{[%clk 0:07:56]} Bxc6 {[%clk 0:08:52]} 13. Nd2 {[%clk 0:07:34]} a5
{[%clk 0:07:41]} 14. c4 {[%clk 0:07:25]} b4 {[%clk 0:07:36]} 15. Rc1
{[%clk 0:07:18]} Nd7 {[%clk 0:07:04]} 16. b3 {[%clk 0:07:03]} Nc5
{[%clk 0:06:07]} 17. Re1 {[%clk 0:06:49]} a4 {[%clk 0:06:08]} 18. Nf1
{[%clk 0:05:47]} axb3 {[%clk 0:05:37]} 19. axb3 {[%clk 0:05:47]} Ra3
{[%clk 0:05:03]} 20. Rb1 {[%clk 0:05:17]} Qa5 {[%clk 0:03:38]} 21. Bd3
{[%clk 0:04:09]} Ra8 {[%clk 0:02:46]} 22. Bc2 {[%clk 0:03:15]} Ra1
{[%clk 0:02:14]} 23. Rxa1 {[%clk 0:02:48]} Qxa1 {[%clk 0:01:34]} 24. Qd2
{[%clk 0:02:15]} Qc3 {[%clk 0:01:11]} 25. Rd1 {[%clk 0:02:14]} Ra2
{[%clk 0:00:52]} 26. Qxc3 {[%clk 0:01:54]} bxc3 {[%clk 0:00:11]} 27. Bxc5
{[%clk 0:01:12]} Rxc2 {[%clk 0:00:11]} 28. Bd4 {[%clk 0:01:07]} Rb2
{[%clk 0:00:06]} 29. Bxg7 {[%clk 0:01:02]} Kxg7 {[%clk 0:00:07]} 30. Ne3
{[%clk 0:00:49]} c2 {[%clk 0:00:04]} 31. Re1 {[%clk 0:00:25]} Rxb3
{[%clk 0:00:05]} 32. Nxc2 {[%clk 0:00:25]} Rc3 {[%clk 0:00:06]} 33. Nd4
{[%clk 0:00:23]} Rxc4 {[%clk 0:00:06]} 34. Nxc6 {[%clk 0:00:05]} Rxc6
{[%clk 0:00:07]} 35. Rd1 {[%clk 0:00:04]} Rc2 {[%clk 0:00:08]} 36. Kf1
{[%clk 0:00:04]} Kf6 {[%clk 0:00:08]} 37. Re1 {[%clk 0:00:04]} Ke5
{[%clk 0:00:09]} 38. Re2 {[%clk 0:00:05]} Rxe2 {[%clk 0:00:08]} 39. Kxe2
{[%clk 0:00:06]} d5 {[%clk 0:00:08]} 40. exd5 {[%clk 0:00:06]} Kxd5
{[%clk 0:00:09]} 41. Kd3 {[%clk 0:00:07]} e5 {[%clk 0:00:08]} 42. g4
{[%clk 0:00:06]} f5 {[%clk 0:00:08]} 43. h3 {[%clk 0:00:06]} e4+ {[%clk 0:00:07]}
44. fxe4+ {[%clk 0:00:07]} fxe4+ {[%clk 0:00:08]} 45. Ke3 {[%clk 0:00:08]} Ke5
{[%clk 0:00:09]} 46. h4 {[%clk 0:00:07]} h6 {[%clk 0:00:09]} 47. h5
{[%clk 0:00:04]} g5 {[%clk 0:00:10]} 48. Kf2 {[%clk 0:00:04]} Kf4
{[%clk 0:00:11]} 49. Ke2 {[%clk 0:00:05]} Kxg4 {[%clk 0:00:12]} 50. Ke3
{[%clk 0:00:07]} Kf5 {[%clk 0:00:11]} 51. Kf2 {[%clk 0:00:06]} Kf4
{[%clk 0:00:12]} 52. Ke2 {[%clk 0:00:07]} e3 {[%clk 0:00:14]} 53. Kf1
{[%clk 0:00:07]} Kf3 {[%clk 0:00:15]} 0-1

[Event "msr26ss"]
[Site "?"]
[Date "2026.03.26"]
[Round "5.24"]
[White "Sugarova, Natalia"]
[Black "Ondrejcak, Gregor"]
[Result "1/2-1/2"]
[BlackElo "1711"]
[WhiteElo "1000"]
[LiveChessVersion "1.4.8"]

1. e4 {[%clk 0:10:02]} c5 {[%clk 0:10:03]} 2. c4 {[%clk 0:10:02]} Nc6
{[%clk 0:10:01]} 3. Nf3 {[%clk 0:09:53]} d6 {[%clk 0:09:59]} 4. d3
{[%clk 0:09:48]} Nf6 {[%clk 0:09:47]} 5. Nc3 {[%clk 0:09:46]} g6 {[%clk 0:09:44]}
6. g3 {[%clk 0:09:33]} Bg7 {[%clk 0:09:23]} 7. Bg2 {[%clk 0:09:30]} O-O
{[%clk 0:09:21]} 8. O-O {[%clk 0:09:20]} Bg4 {[%clk 0:08:47]} 9. Be3
{[%clk 0:08:56]} Qd7 {[%clk 0:08:01]} 10. Qd2 {[%clk 0:08:41]} Bh3
{[%clk 0:07:34]} 11. Nh4 {[%clk 0:07:34]} Bxg2 {[%clk 0:07:12]} 12. Kxg2
{[%clk 0:07:17]} Ng4 {[%clk 0:06:49]} 13. h3 {[%clk 0:06:20]} Nxe3+
{[%clk 0:06:48]} 14. Qxe3 {[%clk 0:06:05]} Nd4 {[%clk 0:06:35]} 15. Qd2
{[%clk 0:05:16]} a6 {[%clk 0:06:12]} 16. Nd5 {[%clk 0:05:09]} Qd8
{[%clk 0:05:45]} 17. Qg5 {[%clk 0:03:59]} Ne6 {[%clk 0:04:32]} 18. Qxe7
{[%clk 0:03:21]} Qxe7 {[%clk 0:02:55]} 19. Nxe7+ {[%clk 0:03:20]} Kh8
{[%clk 0:02:56]} 20. Rab1 {[%clk 0:03:11]} Rfe8 {[%clk 0:02:46]} 21. Nd5
{[%clk 0:03:09]} b5 {[%clk 0:02:27]} 22. cxb5 {[%clk 0:02:36]} axb5
{[%clk 0:02:28]} 23. a3 {[%clk 0:02:22]} Ra7 {[%clk 0:02:18]} 24. Rfe1
{[%clk 0:02:03]} c4 {[%clk 0:01:58]} 25. dxc4 {[%clk 0:01:59]} bxc4
{[%clk 0:01:58]} 26. Nb6 {[%clk 0:01:52]} Rc7 {[%clk 0:01:44]} 27. b3
{[%clk 0:01:42]} c3 {[%clk 0:01:42]} 28. Rbc1 {[%clk 0:01:35]} Nd4
{[%clk 0:01:39]} 29. Nd5 {[%clk 0:01:23]} Ra7 {[%clk 0:01:05]} 30. Nxc3
{[%clk 0:00:59]} Nxb3 {[%clk 0:01:01]} 31. Rcd1 {[%clk 0:00:47]} Bxc3
{[%clk 0:00:56]} 32. Re3 {[%clk 0:00:45]} Rc8 {[%clk 0:00:52]} 33. Rxd6
{[%clk 0:00:35]} Na1 {[%clk 0:00:36]} 34. Nf3 {[%clk 0:00:27]} Nc2
{[%clk 0:00:36]} 35. Red3 {[%clk 0:00:19]} Nxa3 {[%clk 0:00:33]} 36. Rd8+
{[%clk 0:00:11]} Rxd8 {[%clk 0:00:33]} 37. Rxd8+ {[%clk 0:00:12]} Kg7
{[%clk 0:00:34]} 38. Re8 {[%clk 0:00:10]} Bf6 {[%clk 0:00:29]} 39. e5
{[%clk 0:00:10]} Be7 {[%clk 0:00:22]} 40. Nd4 {[%clk 0:00:06]} Nb5
{[%clk 0:00:13]} 41. Nxb5 {[%clk 0:00:04]} Ra5 {[%clk 0:00:12]} 42. Nd6
{[%clk 0:00:05]} Rxe5 {[%clk 0:00:09]} 43. Nc4 {[%clk 0:00:04]} Re6
{[%clk 0:00:10]} 44. Kf3 {[%clk 0:00:04]} Bf6 {[%clk 0:00:09]} 45. Rxe6
{[%clk 0:00:05]} fxe6 {[%clk 0:00:09]} 46. Kf4 {[%clk 0:00:05]} Kf7
{[%clk 0:00:10]} 47. Nd6+ {[%clk 0:00:06]} Ke7 {[%clk 0:00:11]} 48. Ne4
{[%clk 0:00:07]} Kf7 {[%clk 0:00:11]} 49. Nxf6 {[%clk 0:00:07]} Kxf6
{[%clk 0:00:12]} 50. g4 {[%clk 0:00:08]} h6 {[%clk 0:00:12]} 51. h4
{[%clk 0:00:09]} e5+ {[%clk 0:00:13]} 52. Ke4 {[%clk 0:00:09]} Ke6
{[%clk 0:00:13]} 53. f3 {[%clk 0:00:10]} Kf6 {[%clk 0:00:14]} 54. Ke3
{[%clk 0:00:10]} g5 {[%clk 0:00:08]} 55. hxg5+ {[%clk 0:00:09]} Kxg5
{[%clk 0:00:08]} 56. Ke4 {[%clk 0:00:10]} Kf6 {[%clk 0:00:07]} 57. f4
{[%clk 0:00:10]} exf4 {[%clk 0:00:04]} 58. Kxf4 {[%clk 0:00:11]} Kg6
{[%clk 0:00:05]} 59. Kg3 {[%clk 0:00:08]} Kg5 {[%clk 0:00:05]} 60. Kf3
{[%clk 0:00:09]} Kh4 {[%clk 0:00:06]} 61. Kf4 {[%clk 0:00:09]} Kh3
{[%clk 0:00:03]} 62. Kf5 {[%clk 0:00:08]} Kh4 {[%clk 0:00:04]} 63. Kf4
{[%clk 0:00:04]} Kh3 {[%clk 0:00:05]} 64. g5 {[%clk 0:00:04]} hxg5+
{[%clk 0:00:05]} 65. Kxg5 {[%clk 0:00:04]} 1/2-1/2